Language and the African American Child

ग्रंथसूची विवरण
मुख्य लेखक: Lisa J. Green
स्वरूप: इलेक्ट्रोनिक ई-पुस्तक
भाषा:English
प्रकाशित: Cambridge University Press, 06/05/2012
संस्करण:1
विषय:
ऑनलाइन पहुंच:Full text available on Cambridge University Press
Off-campus access
LEADER 01184pam a2200289 a 4500
001 AALebookCAM001063
003 BD-DhAAL
006 m||||||||d||||||||
007 cr||||||||||||
008 221123s9999 xxuabf fo j 001 0 eng d
020 |a 9780521618175 
020 |a 9780521853095 
040 |a BD-DhAAL  |c BD-DhAAL 
100 1 |a Lisa J. Green 
245 0 0 |h [electronic resource]  |a Language and the African American Child 
250 |a 1 
260 |b Cambridge University Press,  |c 06/05/2012 
300 |a 1 online resource 
500 |a <strong>Off-Campus Access:</strong> Athens ID and Password Required 
500 |a <strong>On-Campus Access:</strong> No User ID or Password Required 
506 |a Electronic access restricted to authorized BRAC University faculty, staff and students 
538 |a Mode of access: Internet 
650 4 |a Discourse analysis 
650 4 |a Sociolinguistics 
655 7 |a Electronic books  |2 Library of Congress 
856 4 0 |z Full text available on Cambridge University Press  |u http://dx.doi.org/10.1017/CBO9780511975561 
856 4 0 |z Off-campus access  |u https://go.openathens.net/redirector/bracu.ac.bd?url=http%3A%2F%2Fdx.doi.org%2F10.1017%2FCBO9780511975561